| 000 | 02686aam a2200349 i 4500 | ||
|---|---|---|---|
| 001 | 768714001 | ||
| 003 | CO-MdFUSB | ||
| 005 | 20240924143037.0 | ||
| 007 | ta | ||
| 008 | 240918t2000 -usa|||| |||| 001 0 spa d | ||
| 020 |
_a9780-31146167 _q7 |
||
| 040 |
_bspa _cCO-MdFUSB _dCO-MdFUSB |
||
| 041 |
_aspa _heng |
||
| 082 | 0 | 4 |
_223 _a259.23 _bM478 |
| 100 | 1 |
_aMcDowell, Josh _eautor |
|
| 240 | _aHandbook on Counseling Youth | ||
| 245 | 1 | 0 |
_aManual para consejeros de jóvenes : _buna guía completa para equipar a líderes de la juventud, pastores, maestros y padres _c/ Josh McDowell , Bob Hostetler ; traducido por Josie de Smith |
| 264 | 1 |
_aEl Paso, Texas : _bMundo Hispano, _c2000 |
|
| 264 | 4 | _c©2000 | |
| 300 |
_a522 páginas _bilustraciones _c; 23 cm |
||
| 336 |
_atexto _btxt _2rdacontent |
||
| 337 |
_2rdamedia _asin mediación _bn |
||
| 338 |
_2rdacarrier _avolumen _bnc |
||
| 500 | _aIncluye índice e ilustraciones | ||
| 505 | _aProblemas emocionales. -- Soledad. -- Ansiedad. -- Sentimiento de culpabilidad. -- Ira. -- Depresión. -- Concepto bajo de sí mismo. -- Ante la muerte. -- El dolor ante una pérdida. -- Pensamientos, tendencias y amenazas de suicidio. -- Las relaciones con otros. -- El amor verdadero. -- Salir en pareja. -- Escoger al cónyuge adecuado. -- Soltería. -- La presión del grupo de amigos. -- El rechazo y el hostigamiento de los amigos del grupo. -- Problemas familiares. -- Padres sobreprotectores. -- Padres despreocupados. -- Padres inconversos. -- Divorcio de los padres. -- Familia con un solo progenitor. -- Vivir con padrastros o en una familia mixta. -- Rivalidad entre hermanos. -- Rebeldía. -- Amenazas e intentos de escaparse de la casa. -- Problemas sexuales. --Lascivia. -- Masturbación. -- Pornografía. -- Relaciones sexuales prematrimoniales. -- Embarazo no planeado. -- Aborto. -- Homosexualidad. -- Sida. -- Enfermedades venéreas. -- Abusos. -- Abuso sexual. -- Otras formas de abuso. -- Violación. -- Abuso ritual satánico. -- Adicciones. -- Uso y abuso del alcohol. -- Uso y abuso de las drogas. -- Juegos de azar. -- Trastornos. -- Atención deficiente. -- Anorexia nerviosa. -- Bulimia. -- Asuntos educativos. -- Abandono de los estudio . -- Bajo rendimiento académico. -- Problemas físicos. -- El joven minusválido. -- Enfermedades crónicas. -- La vocación. -- Cómo conocer la voluntad de Dios. -- Cómo elegir una carrera. -- Cómo decidir dónde continuar estudios superiores. | ||
| 563 | _aRústica | ||
| 650 | 7 |
_aTeología pastoral _9227 |
|
| 700 |
_aHostetler, Bob, _910740 _eautor |
||
| 700 |
_aSmith, Josie H. de _95387 _etraductor |
||
| 942 | _cBK | ||
| 945 | _aCatherine Arias Alvarez | ||
| 999 |
_c42937 _d42937 |
||